| 000 | 02340nam a2200229Ia 4500 | ||
|---|---|---|---|
| 003 | Ost | ||
| 005 | 20260507075051.0 | ||
| 008 | 260507s9999||||xx |||||||||||||| ||und|| | ||
| 040 | _cfsecg | ||
| 041 | _aara | ||
| 082 | _a330 | ||
| 100 |
_aحشيش، عادل أحمد _eمؤلف |
||
| 245 | 0 |
_aالعلاقات الإقتصادية الدولية : _bمدخل لدراسة المبادئ الأساسية الحاكمة للإقتصاد الدولي بمراعاة التطورات المستجدة الناتجة عن تنامي مظاهر العولمة في نطاقه / _c عادل أحمد حشيش |
|
| 260 |
_aالإسكندرية: _bدار الجامعة الجديدة, _c2005 |
||
| 300 |
_a398 صفحة؛ _bإيضاحات ؛ _c24 سم |
||
| 520 | _aأهمية وماهية الإقتصاد الدولي ومظاهر المعاملات الإقتصادية القائمة في محيط الأسواق الدولية-العوامل المسوغة لقيام العلاقات الإقتصادية الدولية والمؤشرات الدالة على الأهمية النسبية للتجارة الخارجية بالنسبة للإقتصاد القومي-الملامح والخصائص المحددة لمعالم العلاقات الإقتصادية الدولية المعاصرة وفقا للمتغيرات الطارئة على بيئة الإقتصاد العالمي-النظريات التقليدية المبررة لوجود التجارة الخارجية في محيط العلاقات الإقتصادية الدولية-نظريات التجارة الدولية الحديثة-الإطار المؤسسي الموضح للمعاملات الإقتصادية-تسويةالمدفوعات الدولية-صندوق النقد الدولي-السياسات التجارية الموجهة للتبادل الدولي -تطور المبادئ الحاكمة للعلاقات الإقتصادية الدولية-الإطار المؤسسي لضمان استمرارية مظاهر العولمة في محيط العلاقات الإقتصادية الدولية | ||
| 653 | _aالإقتصاد الدولي | ||
| 653 | _aالتجارة الخارجية | ||
| 653 | _aالعلاقات الإقتصادية الدولية | ||
| 700 |
_aشهاب، مجدي محمود _eمؤلف ثانوي |
||
| 942 | _cكتاب | ||
| 999 |
_c42638 _d42638 |
||